000 00628nam a2200241Ia 4500
003 OSt
005 20220918212203.0
006 a|||||r|||| 00| 0
007 ta
008 220917b |||||||| |||| 00| 0 eng d
024 _a127,691
037 _cTextual
040 _aARTS
_cARTS
_beng
041 _2eng
_aeng
082 _aX.5.N7, J1;H9
100 _aBirnie Arthur
_9122150
245 0 _aEconomic history of Europe 1760-1939
260 _aLondon
_bMethuen
_c1949
300 _ax, 281p.
_ccm.
650 _aECONOMICS
942 _hX.5.N7, J1;H9
_cTEXL
_2CC
999 _c250833
_d250833